000 00286 a2200109 4500
001 50749
040 _cAnchieta - Pituba
240 1 0 _aDeutsch: komunikationstrainer
_l
245 1 0 _aDeutsch: komunikationstrainer
650 4 _aLínguas germânicas (teutônicas) língua alemã
942 _cMU
999 _c50749
_d50749